| 000 | 00741cam a22002171 4500 | ||
|---|---|---|---|
| 001 | sa 66001898 | ||
| 003 | DLC | ||
| 005 | 20260227112225.0 | ||
| 008 | 760414s1965 ii a 000 0 eng | ||
| 010 | _asa 66001898 | ||
| 035 | _a(OCoLC)2111026 | ||
| 040 |
_aDLC _cGU _dDLC |
||
| 042 | _apremarc | ||
| 050 | 0 | 0 |
_aHN683.5 _b.M4 |
| 100 | 1 |
_aMehta, Sushila, _d1922- |
|
| 245 | 1 | 0 |
_aWorking with village people; _ba collection of case studies. |
| 260 |
_a[New Delhi] _bNational Fundamental Education Centre, National Council of Educational Research and Training _c[1965] |
||
| 300 |
_axiv, 111 p. _billus. _c22cm. |
||
| 651 | 0 |
_aIndia _xRural conditions _vCase studies. |
|
| 710 | 2 | _aNational Council of Educational Research and Training (India) | |
| 999 |
_c68055 _d68055 |
||